ბათუმის შოთა რუსთაველის სახელმწიფო უნივერსიტეტის ბიბლიოთეკა

მტრები : სცენები (ბიბ.ჩანაწერი № 48698)

000 -LEADER
fixed length control field 00649nam a2200205Ia 4500
001 - CONTROL NUMBER
control field 15598
003 - CONTROL NUMBER IDENTIFIER
control field GE_BSU
008 - FIXED-LENGTH DATA ELEMENTS--GENERAL INFORMATION
fixed length control field 181216s||||||||xx |||||||||||||| ||und||
040 ## - CATALOGING SOURCE
Transcribing agency GE_BSU
080 ## - UNIVERSAL DECIMAL CLASSIFICATION NUMBER
Universal Decimal Classification number 821.161.1-2
100 ## - MAIN ENTRY--PERSONAL NAME
Personal name გორკი, მ.
245 ## - TITLE STATEMENT
Title მტრები : სცენები
245 ## - TITLE STATEMENT
Statement of responsibility, etc. მთარგმნ. ფატი გოკიელი. რედ. ლ.ანთაძე. მხატვ.ლ.გუდიაშვილი
260 ## - PUBLICATION, DISTRIBUTION, ETC.
Place of publication, distribution, etc. თბილისი
260 ## - PUBLICATION, DISTRIBUTION, ETC.
Name of publisher, distributor, etc. ხელოვნება
260 ## - PUBLICATION, DISTRIBUTION, ETC.
Date of publication, distribution, etc. 1956
300 ## - PHYSICAL DESCRIPTION
Extent 84გვ. ; 20სმ.
653 ## - INDEX TERM--UNCONTROLLED
Uncontrolled term მტრები
942 ## - ADDED ENTRY ELEMENTS (KOHA)
Koha item type წიგნი
ეგზემპლარები
Withdrawn status Lost status Damaged status Not for loan Date acquired Barcode Date last seen Price effective from Koha item type
        2018-12-17 21211 2018-12-17 2018-12-17 წიგნი